000 00433nmm a2200157Ia 4500
008 251105s9999||||xx |||||||||||||||||und||
020 _a8484295915
041 _aspa
100 _aSánchez Miguel, Emilio
245 0 _aLas dificultades de atención
264 _a[Madrid, España] :
_bUOC Papers,
_c2002
300 _a66 páginas
650 _aPsychology
856 _uhttps://public.digitaliapublishing.com/a/5736
942 _cCF
999 _c73758
_d73758